000 00958nam a2200265 a 4500
001 25765
003 BD-RjUL
005 20211209050926.0
008 140319s1981 bg b 001 0 eng d
035 _a(BD-RjUL) 25835
040 _aDLC
_cDLC
_dDLC
_dBD-RjUL
_beng
041 _aeng
082 0 0 _a954.140359
_219
_bRAP 1981
100 1 _aRahim, Enayetur.
_94422
245 1 0 _aProvincial autonomy in Bengal, 1937-1943 /
_cby Enayetur Rahim.
260 _a[Rajshahi], Bangladesh :
_bInstitute of Bangladesh Studies, Rajshahi University ;
_aDacca, Bangladesh :
_bdistributor, University Press,
_c1981.
300 _axvi, 304 p. ;
_c22 cm.
500 _aRevision of the author's thesis (doctoral--Georgetown University, Washington, D.C,1973)
500 _aIncludes index.
504 _aBibliography: p. [276]-295.
651 0 _aBengal (India)
_xPolitics and government.
_979139
942 _2ddc
_cBK
999 _c25765
_d25765